江苏省小测验-Jiangsu Province Quiz - Statistics

General Stats
  • This quiz has been taken 40 times
  • The average score is 19 of 21
Answer Stats
提示 答案 % Correct
省会城市 南京市
100%
这座城市在近现代曾多次作为省会 镇江市
100%
最大的湖泊 太湖
100%
相邻的省级行政区 山东省
97%
相邻的省级行政区 安徽省
97%
相邻的省级行政区 浙江省
97%
相邻的省级行政区 上海市
97%
主要的方言大类 吴语
97%
最大的机场 南京禄口国际机场
94%
这条中国地理南北分界线位于江苏 淮河
94%
江苏的“985”大学 南京大学
94%
汉高祖刘邦在江苏这个县出生 沛县
94%
最大的火车站 南京南站
91%
新亚欧大陆桥的起点 连云港
91%
江苏的“985”大学 东南大学
91%
最大的湖泊 洪泽湖
88%
这位著名的革命家、外交家在江苏出生 周恩来
88%
最大的湖泊 高邮湖
82%
主要的方言大类 官话
68%
江苏省拥有的第一项世界文化遗产 苏州古典园林
65%
省花 茉莉花
56%
No matching quizzes found
Score Distribution
Percent of People with Each Score
Percentile by Number Answered
Your Score History
You have not taken this quiz